Соединители для бытовой электронной аппаратуры

Λεπτομέρειες βιβλιογραφικής εγγραφής
Άλλοι συγγραφείς: Пескин А. Е. Александр Ефимович (составитель)
Γλώσσα:Ρωσικά
Έκδοση: Москва, Солон, 1993
Θέματα:
Μορφή: MixedMaterials Βιβλίο
KOHA link:https://koha.lib.tpu.ru/cgi-bin/koha/opac-detail.pl?biblionumber=350266

MARC

LEADER 00000nam0a2200000 4500
001 350266
005 20231102010302.0
010 |a 5859540132 
035 |a (RuTPU)RU\TPU\retro\4001 
090 |a 350266 
100 |a 20181214d1993 km y0rusy50 ca 
101 0 |a rus 
102 |a RU 
105 |a a z 000zy 
200 1 |a Соединители для бытовой электронной аппаратуры  |f сост. А. Е. Пескин 
210 |a Москва  |c Солон  |d 1993 
215 |a 32 с.  |c ил. 
606 1 |a Электронные приборы  |x Детали  |x Чистота поверхности  |2 stltpush  |3 (RuTPU)RU\TPU\subj\20461  |9 45562 
610 1 |a соединители 
610 1 |a штекерные соединители 
610 1 |a типы 
610 1 |a микрофоны 
610 1 |a звук 
610 1 |a усилители 
610 1 |a преобразователи 
610 1 |a видеосигналы 
610 1 |a антенные усилители 
610 1 |a питание 
675 |a 621.38.032  |v 4 
702 1 |a Пескин  |b А. Е.  |g Александр Ефимович  |4 220 
801 1 |a RU  |b 63413507  |c 20181214 
942 |c BK